O carocho-pirilampo que tinha medo de voar (Registo nº 2658)

Detalhes MARC
000 -Etiqueta do registo
Cabeçalho 00797nam a22002771 4500
005 - Identificador da versão
Campo de controlo 20240813121940.0
010 ## - Número internacional normalizado dos livros (ISBN)
Número (ISBN) 9895521065
100 ## - Dados gerais de processamento
Dados gerais de processamento 20060918d2005 cd y0pory5003 ba
102 ## - Pais de publicação ou produção
País de publicação Portugal
101 0# - Língua de publicação
Língua do texto, banda sonora, etc. Português
106 ## - Campo de dados codificados: material textual
Dados codificados do material textual r
105 ## - Campo de dados codificados: livros
Dados codificados dos livros a z 000fy
215 ## - Descrição física 
Indicação específica da natureza do documento e extensão da espécie 41 p.
Outras indicações físicas il.
Dimensões 21x25 cm
200 1# - Titulo e menção de responsabilidade
Título próprio O carocho-pirilampo que tinha medo de voar
Primeira menção de responsabilidade conto de Mafalda Veiga
Outras menções de responsabilidade il. Joana Quental
225 2# - Colecção 
Título próprio da colecção Tempo dos mais novos
Indicação de volume 1
205 ## - Menção da edição
Menção da edição 1ª ed
210 ## - Publicação, Distribuição, etc. 
Lugar da edição, distribuição, etc. Vila Nova de Famalicão
Nome do editor, distribuidor, etc. Quasi
Data da publicação, distribuição, etc. 2005
606 ## - Nome comum usado como assunto
Número de registo de entrada de autoridade 0000029
Palavra de ordem Literatura portuguesa infantil
Subdivisão de assunto Conto
675 ## - Classificação Decimal Universal (CDU)
Notação 821.134.3-34
Edição
Língua da edição por
702 #1 - Nome de autor-pessoa física (responsabilidade secundária)
Número de registo de entrada de autoridade 0000111
Palavra de ordem Quental
Outra parte do nome não tomada para palavra de ordem Joana
Código de função Ilustrador / Técnico de desenho computorizado
700 #1 - Nome de autor-pessoa física (responsabilidade principal)
Número de registo de entrada de autoridade 0001490
Palavra de ordem Veiga
Outra parte do nome não tomada para palavra de ordem Mafalda
942 ## - Elementos de entrada adicionados (Koha)
Tipo de item no Koha Livro
Exemplares
Situação do levantamento Origin of item (home branch) (coded) Biblioteca de empréstimo Código de barras Cota Circulation type (not for loan) Tipo de documento Nota do exemplar Damaged status
  Biblioteca Escolar da Coca Maravilhas Biblioteca Escolar da Coca Maravilhas BECM7437/06 8POR VEI   Livro Sem mensagem